000 00282nam a22001217a 4500
041 _aENG
100 _aKumar .A
245 _aTransport Phenoment In Food Process Engineering
260 _aDelhi
_bHimalaya Pub
_c2001
300 _a272
650 _aAPE ( 02 )
856 _uAPE ( 02 )
999 _c2864
_d2864